Manual práctico de la seguridad social /
Guardado en:
| Autor Principal: | |
|---|---|
| Formato: | Libro |
| Idioma: | Spanish |
| Publicado: |
Madrid :
Servicio de publicaciones,
1983
|
| Edición: | 5ª ed. |
| Materias: | |
| Etiquetas: |
Agregar Etiqueta
Sin Etiquetas, Sea el primero en etiquetar este registro!
|
| LEADER | 00485nam a22001575a 4500 | ||
|---|---|---|---|
| 001 | DER.der002014 | ||
| 005 | 20060912000000.0 | ||
| 008 | 180615s1983####||||||||||||||||||||spa|| | ||
| 020 | |a 84-7484-192-2 | ||
| 100 | 1 | |a Trujillo Cabrera, Angel | |
| 245 | 1 | 0 | |a Manual práctico de la seguridad social / |c Angel Trujillo Cabrera |
| 250 | |a 5ª ed. | ||
| 260 | |a Madrid : |b Servicio de publicaciones, |c 1983 | ||
| 300 | 0 | |a 1631 p. | |
| 653 | |a SEGURIDAD SOCIAL | ||
| 859 | |a DERECHO |b BIB. DERECHO |h 344.01 |i TRU |p 004143 | ||
